000 00972nam a2200289 i 4500
001 000024465
003 DO-SdBNP
005 20250821074408.0
007 ta
008 110128s19uu dr 000 0 spa d
040 _aDO-SdBNP
_bspa
_cBNPHU
_erda
041 _aspa
082 4 _a547
_bB862q
_222
100 1 _aBrito, Franklin,
_eautor
_4aut.
_950157
245 1 0 _aQuimica Orgánica :
_b6to. curso. Educación media /
_cFranklin Brito, Antonio Monzo.
264 1 _aSanto Domingo :
_bDISESA,
_c19--?.
300 _a228 páginas :
_bilustraciones ;
_c25 cm.
336 _atexto
_btxt
_2rdacontent
337 _asin mediación
_bn
_2rdamedia
338 _avolumen
_bnc
_2rdacarrier
590 _aInventariado, 2023 /LP
650 4 _aQuímica orgánica
_xLibros de texto
_950158
650 4 _aQuímica orgánica
_xEnseñanza secundaria
_950159
650 4 _aQuímica orgánica
_xNomenclatura
_950160
700 1 _aMonzo, Antonio,
_eautor
_4aut.
_950161
942 _2ddc
_cLBS1
999 _c23958
_d23958